Online
Catalog
Normal view MARC view

Entry Nombre corporativo

Number of records used in: 2

001 - NÚMERO DE CONTROL

  • campo de control: 82630

003 - IDENTIFICADOR DEL NÚMERO DE CONTROL

  • campo de control: DO-SdBNP

005 - FECHA Y HORA DE LA ÚLTIMA TRANSACCIÓN

  • campo de control: 20221101100513.0

008 - DATOS DE LONGITUD FIJA

  • campo de control de longitud fija: 221101|| aca||aabn | a|a d

040 ## - FUENTE DE LA CATALOGACIÓN

  • Centro catalogador/agencia de origen: DO-SdBNP
  • Centro/agencia transcriptor: DO-SdBNP

110 ## - ENCABEZAMIENTO-NOMBRE DE ENTIDAD CORPORATIVA

  • Nombre de entidad corporativa o nombre de jurisdicción como elemento de entrada: Asociación Dominicana de Administradoras de Fondos de Pensiones (ADAFP)

670 ## - FUENTE DE DATOS ENCONTRADOS

  • Cita de la fuente: Work cat.: (DO-SdBNP)52697: Prosperidad y pensiones :, 2022.

Powered by Koha